000 01016nam a22003137a 4500
001 013527541
003 TZ-ArACH
005 20251215121512.0
008 060712s2007 enk b 001 0 eng
015 _aGBA668636
_2bnb
016 7 _a013527541
_2Uk
020 _a9781843341468 (cased) :
_cNo price
020 _a1843341468 (cased) :
_cNo price
020 _a1843341468 (pbk.) :
_c£39.95
020 _a9781843341468 (pbk.) :
_c£39.95
040 _aStDuBDS
_beng
_cTZ-ArACH
_dTZ-ArACH
042 _aukblsr
050 _aZ665
_b.S26 2007
100 1 _aSamek, Toni
_d1964-
245 1 0 _aLibrarianship and human rights:
_bA twenty-first century guide
_cToni Samek.
260 _aOxford (UK):
_bChandos Publishing;
_c2007.
300 _axxx, 200 p.:
_c24 cm.
500 _aFormerly CIP
_5Uk.
504 _aIncludes bibliographical references and index.
650 0 _aHuman rights.
650 0 _aLibrary science
_xMoral and ethical aspects.
650 0 _aLibrary science
_xSocial aspects.
942 _2lcc
_cBOOK
999 _c7754
_d7754